Засоби контрастного зображення у тексті (Запис № 283964)

МАРК-запис
000 -LEADER
fixed length control field 01525nam a22001577a 4500
041 ## - LANGUAGE CODE
Language code of text/sound track or separate title ukr
080 ## - UNIVERSAL DECIMAL CLASSIFICATION NUMBER
Universal Decimal Classification number 09
090 ## - LOCALLY ASSIGNED LC-TYPE CALL NUMBER (OCLC); LOCAL CALL NUMBER (OCLC)
Local cutter number (OCLC) ; Book number/undivided call number, CALL (RLIN) МАР
100 ## - MAIN ENTRY--PERSONAL NAME
Personal name Мартинюк Н.О.
245 ## - TITLE STATEMENT
Title Засоби контрастного зображення у тексті
260 ## - PUBLICATION, DISTRIBUTION, ETC. (IMPRINT)
Place of publication, distribution, etc Острог
Name of publisher, distributor, etc КАФ
Date of publication, distribution, etc 2007
300 ## - PHYSICAL DESCRIPTION
Extent 47
520 ## - SUMMARY, ETC.
Summary, etc Вступ<br/>Розділ 1. Обгрунтування поняття контрасту та мовні засоби його вираження.<br/>1.1 Антитеза як філософська категорія.<br/>1.2 Термінологічне та семантичне визначення контрасту.<br/>1.3 Контрастуюча лексика.<br/>1.4 Контраст на граматичному рівні.<br/>Розділ 2. Характеристика текстових опощицій.<br/>2.1 Стилістичний контраст у творі.<br/>2.2 Відмінності в розповіді від першої особи та третьої особи.<br/>2.3 Опозиції мови автора та мови персонажів.<br/>2.4 Чергування статистичних та динамічних відрізків в мові твору.<br/>2.5 Аналіз художнього тексту з точки зору текстових опозицій.<br/>Висновки<br/>Список використаної літератури<br/>Додатки
-- лексикографія, контраст, стилістика
650 ## - SUBJECT ADDED ENTRY--TOPICAL TERM
Topical term or geographic name as entry element Research Papers
942 ## - ADDED ENTRY ELEMENTS (KOHA)
Koha item type Книги
Фонди
Withdrawn status Lost status Source of classification or shelving scheme Damaged status Not for loan Home library Current library Date acquired Source of acquisition Cost, normal purchase price Total Checkouts Full call number Barcode Date last seen Price effective from Koha item type
    Universal Decimal Classification     ВІЛ - Відділ іноземн. літератури НБ ВІЛ - Відділ іноземн. літератури НБ 16/04/2009 Акт №1 1.00   09 213687 15/12/2021 16/04/2009 Книги